000 00420nam a2200181Ia 4500
001 4253
005 20260306145742.0
008 260306t2001||||xx |||||||||||||| ||spa||
041 _aESP
082 _a320.1
_bC28
100 _aCarré de Malberg, R.
_eAUT
245 0 _aTeoría general del Estado
260 _c2001
300 _a1327 páginas :
_ccm.
650 _aGEN
654 _aCDE
942 _cLIB
_dJUS
_fJUS
_2ddc
_n
999 _c4253
_d4253